Strategic management:competitiveness and Globalisation / (Record no. 3756)
| 000 -LEADER | |
|---|---|
| fixed length control field | 01251pam a2200349 a 4500 |
| 001 - CONTROL NUMBER | |
| control field | 3544049 |
| 003 - CONTROL NUMBER IDENTIFIER | |
| control field | OSt |
| 005 - DATE AND TIME OF LATEST TRANSACTION | |
| control field | 20161207124809.0 |
| 008 - FIXED-LENGTH DATA ELEMENTS--GENERAL INFORMATION | |
| fixed length control field | 970804s1998 maua b 000 0 eng |
| 010 ## - LIBRARY OF CONGRESS CONTROL NUMBER | |
| LC control number | 97031066 |
| 020 ## - INTERNATIONAL STANDARD BOOK NUMBER | |
| International Standard Book Number | 9780170133869 |
| 040 ## - CATALOGING SOURCE | |
| Original cataloging agency | DLC |
| Transcribing agency | DLC |
| Modifying agency | DLC |
| 050 00 - LIBRARY OF CONGRESS CALL NUMBER | |
| Classification number | HD30.28.H36 2008 |
| 082 00 - DEWEY DECIMAL CLASSIFICATION NUMBER | |
| Classification number | 658.4/012 |
| Edition number | 21 |
| 100 ## - MAIN ENTRY--PERSONAL NAME | |
| Personal name | Hanson,Dallas |
| 245 00 - TITLE STATEMENT | |
| Title | Strategic management:competitiveness and Globalisation / |
| Statement of responsibility, etc | Dallas Hanson...[et al] |
| 250 ## - EDITION STATEMENT | |
| Edition statement | 3rd ed. |
| 260 ## - PUBLICATION, DISTRIBUTION, ETC. (IMPRINT) | |
| Place of publication, distribution, etc | Australia : |
| Name of publisher, distributor, etc | Thomson, |
| Date of publication, distribution, etc | c2008. |
| 300 ## - PHYSICAL DESCRIPTION | |
| Extent | xxx, 615 p. : |
| Other physical details | ill. ; |
| Dimensions | 26 cm. |
| 504 ## - BIBLIOGRAPHY, ETC. NOTE | |
| Bibliography, etc | Includes bibliographical references. |
| 650 #0 - SUBJECT ADDED ENTRY--TOPICAL TERM | |
| Topical term or geographic name as entry element | Strategic planning. |
| 700 ## - ADDED ENTRY--PERSONAL NAME | |
| Personal name | Dowling,Peter |
| 700 ## - ADDED ENTRY--PERSONAL NAME | |
| Personal name | Hitt, Michael |
| 700 ## - ADDED ENTRY--PERSONAL NAME | |
| Personal name | Ireland,R. Duane |
| 700 ## - ADDED ENTRY--PERSONAL NAME | |
| Personal name | Hoskisson,Robert E. |
| 856 42 - ELECTRONIC LOCATION AND ACCESS | |
| Materials specified | Contributor biographical information |
| Uniform Resource Identifier | <a href="http://www.loc.gov/catdir/bios/mh042/97031066.html">http://www.loc.gov/catdir/bios/mh042/97031066.html</a> |
| 856 42 - ELECTRONIC LOCATION AND ACCESS | |
| Materials specified | Publisher description |
| Uniform Resource Identifier | <a href="http://www.loc.gov/catdir/description/mh023/97031066.html">http://www.loc.gov/catdir/description/mh023/97031066.html</a> |
| 856 41 - ELECTRONIC LOCATION AND ACCESS | |
| Materials specified | Table of contents |
| Uniform Resource Identifier | <a href="http://www.loc.gov/catdir/toc/mh022/97031066.html">http://www.loc.gov/catdir/toc/mh022/97031066.html</a> |
| 906 ## - LOCAL DATA ELEMENT F, LDF (RLIN) | |
| a | 7 |
| b | cbc |
| c | orignew |
| d | 1 |
| e | ocip |
| f | 19 |
| g | y-gencatlg |
| 942 ## - ADDED ENTRY ELEMENTS (KOHA) | |
| Source of classification or shelving scheme | |
| Koha item type | Book |
| Withdrawn status | Lost status | Source of classification or shelving scheme | Damaged status | Not for loan | Home library | Current library | Shelving location | Date acquired | Total Checkouts | Full call number | Barcode | Date last seen | Copy number | Price effective from | Koha item type |
|---|---|---|---|---|---|---|---|---|---|---|---|---|---|---|---|
| Riara University Library | Riara University Library | General stack | 07/12/2016 | HD30.28.H36 2008 | 8674/16 | 07/12/2016 | C.1 | 07/12/2016 | Book | ||||||
| Riara University Library | Riara University Library | General stack | 13/12/2016 | HD30.28.H36 2008 | 6928/16 | 13/12/2016 | C.2 | 13/12/2016 | Book |
